[Event "ARG-ch U10"]
[Site "Buenos Aires"]
[Date "2019.03.04"]
[Round "7.1"]
[White "Fiorito, Francisco"]
[Black "Gimenez, Alessio"]
[Result "1-0"]
[WhiteElo "1588"]
[BlackElo "1415"]
[PlyCount "45"]
[EventDate "2019.03.01"]
[EventType "swiss"]
[EventRounds "9"]
[EventCountry "ARG"]
[SourceTitle "EXT 2024"]
[Source "ChessBase"]
[SourceDate "2023.10.10"]
[SourceVersion "1"]
[SourceVersionDate "2023.10.10"]
[SourceQuality "1"]

1. e4 e6 2. d4 d5 3. Nd2 a6 4. Ngf3 c5 5. dxc5 Bxc5 6. exd5 exd5 7. Bd3 Nf6 8. 0-0 0-0 9. h3 Nc6 10. c3 h6 11. a4 a5 12. Nb3 Bb6 13. Bf4 Be6 14. Ne5 Re8 15. Bb5 Rc8 16. Nxc6 bxc6 17. Ba6 Ra8 18. Bb7 Ra7 19. Bxc6 Ree7 20. Nd4 Bxd4 21. Qxd4 Qc8 22. Bb5 Reb7 23. Bxh6 1-0